000 00279nam a22001217a 4500
008 170726b xxu||||| |||| 00| 0 eng d
041 _aeng
080 _22ND
_a004
100 _a004
101 _aSHK
245 _aCOMPUTERS AND THEIR APPLICATIONS
_cPARKER,CH.S
942 _2udc
_cBK
999 _c21914
_d21914